Ali Babá e os quarenta ladrões (Record no. 16414)

MARC details
000 -Etiqueta do registo
Valores 00885nam a2200253 4500
010 ## - Número ISBN
ISBN 9789720726988
021 ## - Número do Depósito Legal
Número 372493/14
100 ## - Dados gerais de processamento
Dados gerais 20140820e2014 d y0pory5003 ba
200 1# - Titulo e menção de responsabilidade
Título próprio Ali Babá e os quarenta ladrões
Primeira menção de responsabilidade adapt. Luc Lefort
Outras menções de responsabilidade adapt. para a língua port. António Pescada
-- il. Daniele Fabbri
205 ## - Menção da edição
Edição 1ª ed reimp. 2023
210 #9 - Publicação
Local de publicação Porto
Nome do editor Porto Editora,
Data de publicação 2014
215 ## - Descrição física 
Paginação / Volumes 78, [1] p.
Outras indicações físicas il.
Dimensões 20 cm
225 2# - Colecção 
Título próprio da colecção Educação literária
300 ## - Notas gerais 
Texto da nota Leitura recomendada 6º ano
304 ## - Nota relativa ao título
Texto de nota Tít. orig.: Ali Baba et les quarante voleurs
675 ## - CDU
Notação 821.134.3-34"19/20"(072)
Edição BN
Língua por
702 #1 - Autor secundário (pessoa individual)
Apelido Pescada,
Nome António,
Datas 1938-
702 #1 - Autor secundário (pessoa individual)
Apelido Fabbri,
Nome Daniele
702 #1 - Autor secundário (pessoa individual)
Apelido Lefort,
Nome Luc
801 #0 - Fonte de origem
País PT
Agência BN
Regras de catalogação RPC
856 41 - Localização e acesso electrónico 
URL <a href="http://rnod.bnportugal.gov.pt/ImagesBN/winlibimg.aspx?skey=&doc=1881988&img=47271&save=true">http://rnod.bnportugal.gov.pt/ImagesBN/winlibimg.aspx?skey=&doc=1881988&img=47271&save=true</a>
990 ## - Elementos KOHA
Tipo de documento Livro
Holdings
Situação do levantamento Estado Número Biblioteca de origem Código de barras Cota Permissão de empréstimo Tipo de documento Forma de aquisição
    BMA Biblioteca Municipal do Alandroal A18493/25 821.133.1-34   Livro Compra

Powered by Koha